000 00494nam a2200145Ia 4500
008 100122s9999 xx 000 0 und d
082 _b29893
_a133.05
100 _aभट म दा
245 _aहर्षल-नेपच्यून-प्लूटो
260 _bजोशी ब्रदर्स
300 _a259
630 _aहर्षल-नेपच्यून-प्लूटो
730 _aहर्षल-नेपच्यून-प्लूटो
942 _cBOOK
999 _c414978
_d414975